Największe państwa Imperium Brytyjskiego - Statystyki

Ogólne statystyki
  • Ten quiz został rozwiązany 9 849 razy
  • Średni wynik to 8 z 14
Statystyki odpowiedzi
% podległe km2 Państwo % Poprawnych
100 10,000,000 Kanada
93%
100 3,200,000 Indie
87%
100 7,700,000 Australia
86%
25 2,400,000 Stany Zjednoczone
83%
100 1,200,000 Republika Południowej Afryki
75%
100 1,000,000 Egipt
64%
100 1,900,000 Sudan
51%
100 890,000 Pakistan
48%
100 920,000 Nigeria
43%
100 950,000 Tanzania
35%
100 830,000 Namibia
29%
100 750,000 Zambia
27%
100 680,000 Mjanma
26%
100 650,000 Afganistan
20%
Nie znaleziono quizów pasujących do podanych kryteriów
Rozkład punktacji
Procent ludzi z każdym wynikiem
Percentyl według liczby udzielonych odpowiedzi
Twoja historia wyników
Nie rozwiązałeś tego quizu